Tous les personnages de danganronpa - Statistiques

Statistiques générales
  • Ce quiz a été pris 35 fois
  • Le résultat moyen est 60 sur 111
Statistiques - réponses
Rôles Personnages % Correct
Ultimate Affluent Progeny Byakuya Togami
100%
Ultimate Fashionista Junko Enoshima
100%
Ours étant le "Directeur" de l'Académie Monokuma
100%
Ultimate Martial Artist Sakura Ogami
100%
Ultimate Gambler Celestia Ludenberg
95%
Ultimate Detective Kyoko Kirigiri
95%
Ultimate Baseball Star Leon Kuwata
95%
Ultimate Lucky Student | Hope Makoto Naegi
95%
Ultimate Swimming Pro Aoi Asahina
89%
Ultimate ??? Hajime Hinata
89%
Adolescent fan de la télé réalité Danganronpa Makoto
89%
Ultimate Biker Gang Leader Mondo Owada
89%
Ultimate Team Manager Nekomaru Nidai
89%
Ultimate Cook Teruteru Hanamura
89%
Ultimate Gamer Chiaki Nanami
84%
Ultimate Musician Ibuki Mioda
84%
Ultimate Photographer Mahiru Koizumi
84%
Ultimate Lucky Student Nagito Komaeda
84%
Ultimate Pop Sensation Sayaka Maizono
84%
Ultimate Princess Sonia Nevermind
84%
Ultimate Writing Prodigy Toko Fukawa
84%
IA de l'Ultimate Programmer Alter Ego
79%
Ultimate Programmer Chihiro Fujisaki
79%
Ultimate Entomologist Gonta Gokuhara
79%
Ultimate Fanfic Creator Hifumi Yamada
79%
Ultimate Traditional Dancer Hiyoko Saionji
79%
Père de l'Ultimate Detective Jin Kirigiri
79%
Ultimate Pianist Kaede Akamatsu
79%
Ultimate Supreme Leader Kokichi Oma
79%
Ultimate Nurse Mikan Tsumiki
79%
Ultimate Swordswoman Peko Pekoyama
79%
Ultimate Cosplayer Tsumugi Shirogane
79%
Ultimate Gymnast Akane Owari
74%
Ultimate Artist Angie Yonaga
74%
Ultimate Breeder Gundham Tanaka
74%
Ultimate Imposter Imposteur
74%
Ultimate Robot | Hope Robot K1-b0
74%
Ultimate Mechanic Kazuichi Soda
74%
Ours étant une "Professeur" de l'Académie Monomi/Usami
74%
Ultimate Soldier Mukuro Ikusaba
74%
Ultimate Aikido Master Tenko Chabashira
74%
Ultimate Clairvoyant Yasuhiro Hagakure
74%
Grand-père de l'Ultimate Detective Fuhito Kirigiri
68%
Ultimate Magician Himiko Yumeno
68%
Ultimate Moral Compass Kiyotaka Ishimaru
68%
Soeur de l'Ultimate Lucky Student | Hope Komaru Naegi
68%
Ultimate Assassin | Child Caregiver Maki Harukawa
68%
Ultimate Survivor | Adventurer Rantaro Amami
68%
Frère de l'Ultimate Biker Gang Leader Daiya Owada
63%
Ultimate Yakuza Fuyuhiko Kuzuryu
63%
Ultimate Astronaut Kaito Momota
63%
Ultimate Maid Kirumi Tojo
63%
Ultimate Anthropologist Korekiyo Shinguji
63%
Ultimate Inventor Miu Iruma
63%
Ours Vert Monodam
63%
Ours Rose Monophanie
63%
Ultimate Detective Shuichi Saihara
63%
Frère de l'Ultimate Swimming Pro Yuta Asahina
63%
Ultimate Murderous Fiend Genocide Jack
58%
Ours noir Kurokuma
58%
Ours Bleu Monokid
58%
Ours Jaune Monosuke
58%
Ours Rouge Monotaro
58%
Père de l'Ultimate Moral Compass Takaaki Ishimaru
58%
Soeur de l'Ultimate Fanfic Creator Fujiko Yamada
53%
Ultimate Hope Izuru Kamukura
53%
Ours blanc Shirokuma
53%
Ultimate Tennis Pro Ryoma Hoshi
47%
Mère de l'Ultimate Clairvoyant Hiroko Hagakure
42%
Li'l Ultimate Homeroom Monaca Towa
42%
Li'l Ultimate Social Studies Nagisa Shingetsu
42%
Soeur de l'Ultimate Yakuza Natsumi Kuzuryu
42%
Père de l'Ultimate Programmer Taichi Fujisaki
42%
Leader de la résistence Haiji Towa
37%
Li'l Ultimate Drama Kotoko Utsugi
37%
Li'l Ultimate P.E. Masaru Daimon
37%
Ultimate Animator Ryota Mitarai
37%
Ami de l'Ultimate Photographer Sato
37%
Li'l Ultimate Art Jataro Kemuri
32%
Machine créant les monokumas Motherkuma
32%
Ultimate Housekeeper Chisa Yukizome
26%
Ultimate Boxer Juzo Sakakura
26%
Vrai nom de l'Ultimate Gambler Taeko Yasuhiro
26%
Majordome de l'Ultimate Affluent Progeny Aloysius Pennyworth
21%
Chat de l'Ultimate Gambler Grand Bois Chéri Ludenberg
21%
Ultimate Wrestler Great Gozu
21%
Nom du 2eme Hamster de L'Ultimate Breeder Jum-P
21%
Ultimate Student Council President (Ancien) Kyosuke Munakata
21%
Petit Ours Gris Nanokuma
21%
IA de l'Ultimate Despair Alter Ego Junko
16%
Nom du 4eme Hamster de L'Ultimate Breeder Cham-P
16%
Ultimate Farmer Daisaku Bandai
16%
Cousine de l'Ultimate Baseball Star Kanon Nakajima
16%
Ultimate Talent Scout Koichi Kizakura
16%
Ultimate Therapist Miaya Gekkogahara
16%
Ultimate Confectioner Ruruka Ando
16%
Ultimate Blacksmith Sonosuke Izayoi
16%
Ultimate Student Council President (Nouveau) Soshun Murasame
16%
Fondateur de l'academie Izuru Kamukura
11%
Ancien Directeur de l'Academie Kazuo Tengan
11%
Rival de l'Ultimate Martial Artist Kenshiro
11%
Ultimate Analyst Ryoko Otonashi
11%
Ultimate Pharmacist Seiko Kimura
11%
Ami de l'Ultimate Biker Gang Leader Takemichi Yukimaru
11%
Ultimate Bodyguard The Madarai Brothers
11%
Ultimate Spy Yuto Kamishiro
11%
Ami de l'Ultimate Pop Sensation Ayaka Haneyama
5%
Punaise de l'Ultimate Writing Prodigy Kameko
5%
Nom du 3eme Hamster de L'Ultimate Breeder Maga-Z
5%
Nom du 1er Hamster de L'Ultimate Breeder San-D
5%
Ultimate Neurologist Yasuke Matsuda
5%
Aucun quiz correspondant
Distribution des résultats
% des personnes avec chaque résultat
Percentile par nombre de réponses
Votre historique - résultats
Vous n’avez pas pris ce quiz